000 00429nam a2200145 a 4500
005 20140412111405.0
008 070227s19uu xx 00 eng d
020 _a0-07-602731-7
050 _aTR(PS 372.4
_bSRA 2005
245 _aSRA Open court reading :T. Edition :
_bFinding Friends: Level K Unit 3.
260 _aColumbus, Ohio :
_bMcGrawhill,
_c2002.
300 _a132
440 _aSRA Open court reading
999 _c105532
_d105532